ბათუმის შოთა რუსთაველის სახელმწიფო უნივერსიტეტის ბიბლიოთეკა

თხზულებათა სრული კრებული : 15 ტომად. ტ. 3 (ბიბ.ჩანაწერი № 48740)

000 -LEADER
fixed length control field 01042nam a2200217Ia 4500
001 - CONTROL NUMBER
control field 15640
003 - CONTROL NUMBER IDENTIFIER
control field GE_BSU
008 - FIXED-LENGTH DATA ELEMENTS--GENERAL INFORMATION
fixed length control field 181216s||||||||xx |||||||||||||| ||und||
040 ## - CATALOGING SOURCE
Transcribing agency GE_BSU
100 ## - MAIN ENTRY--PERSONAL NAME
Personal name წერეთელი, ა.
245 ## - TITLE STATEMENT
Title თხზულებათა სრული კრებული : 15 ტომად. ტ. 3
245 ## - TITLE STATEMENT
Remainder of title ლექსები, 1901-1914
245 ## - TITLE STATEMENT
Statement of responsibility, etc. სარედ.კოლ. გიორგი აბზიანიძე. ლ.ასათიანი. ი. გრიშაშვილი. მთ.რედ.გ.აბზიანიძე. ტექსტი და ვარიანტები დაამუშავა სოლომონ ყუბანეიშვილმა
260 ## - PUBLICATION, DISTRIBUTION, ETC.
Place of publication, distribution, etc. თბილისი
260 ## - PUBLICATION, DISTRIBUTION, ETC.
Name of publisher, distributor, etc. სახელგამი
260 ## - PUBLICATION, DISTRIBUTION, ETC.
Date of publication, distribution, etc. 1954
300 ## - PHYSICAL DESCRIPTION
Extent 587 გვ. : 1 ფ. პორტრ.20სმ.
653 ## - INDEX TERM--UNCONTROLLED
Uncontrolled term თხზულებათა სრული კრებული
653 ## - INDEX TERM--UNCONTROLLED
Uncontrolled term ლექსები.
942 ## - ADDED ENTRY ELEMENTS (KOHA)
Koha item type წიგნი
ეგზემპლარები
Withdrawn status Lost status Damaged status Not for loan Date acquired Barcode Date last seen Price effective from Koha item type
        2018-12-17 38800 2018-12-17 2018-12-17 წიგნი
        2018-12-17 38801 2018-12-17 2018-12-17 წიგნი
        2018-12-17 38802 2018-12-17 2018-12-17 წიგნი
        2018-12-17 38803 2018-12-17 2018-12-17 წიგნი
        2018-12-17 38804 2018-12-17 2018-12-17 წიგნი
        2018-12-17 38805 2018-12-17 2018-12-17 წიგნი
        2018-12-17 38806 2018-12-17 2018-12-17 წიგნი
        2018-12-17 38807 2018-12-17 2018-12-17 წიგნი
        2018-12-17 38808 2018-12-17 2018-12-17 წიგნი